Elden Ring - Les classes - Statistiques

Statistiques générales
  • Ce quiz a été pris 213 fois
  • Le résultat moyen est 5 sur 10
Statistiques - réponses
Par images Réponse % Correct
Samuraï
88%
Prisonnier
79%
Guerrier
67%
Vagabond
59%
Astrologue
52%
Bandit
46%
Héros
42%
Confesseur
37%
Prophète
37%
Indigent
30%
Aucun quiz correspondant
Distribution des résultats
% des personnes avec chaque résultat
Percentile par nombre de réponses
Votre historique - résultats
Vous n’avez pas pris ce quiz